| 000 | 01373nam a22002537a 4500 | ||
|---|---|---|---|
| 005 | 20210325185430.0 | ||
| 008 | s2542 th tha d | ||
| 020 | _a9742688001 | ||
| 041 | _atha | ||
| 090 | _aอ AZ791.H4 ศ615พ 2542 | ||
| 110 | 0 | _aกระทรวงศึกษาธิการ. กรมวิชาการ. สถาบันภาษาไทย | |
| 245 | 1 | 0 | _aแพทย์ศาสตร์สงเคราะห์ : ภูมิปัญญาทางการแพทย์และมรดกทางวรรณกรรมของชาติ |
| 260 | 3 |
_aกรุงเทพฯ : _bสถาบันภาษาไทย กรมวิชาการ กระทรวงศึกษาธิการ, _c2542 |
|
| 300 |
_a994 หน้า : _b ภาพประกอบ ; _c 31 ซม. |
||
| 610 | _aกระทรวงศึกษาธิการ. กรมวิชาการ. สถาบันภาษาไทย | ||
| 650 | 0 | 4 | _aตำราแพทย์แผนโบราณ |
| 650 | 0 | 4 | _aยาสมุนไพร |
| 650 | 0 | 4 | _aยาแผนโบราณ |
| 650 | 0 | 4 | _aยาแผนโบราณยาสมุนไพรตำราแพทย์แผนโบราณ |
| 850 | _aNALT | ||
| 942 | _cREF | ||
| 997 | _c000000000022945 | ||
| 998 | _aPRATHANA | ||
| 999 |
_c22945 _d22945 |
||